• 首页
  • 本馆介绍
  • 公告通知
  • 最新文献
  • 馆藏检索
  • 电子资源
  • 读者导购
  • 参考咨询
  • 我的图书馆
  • 登录
  • 详细信息显示
  • 放入我的书架
  • 预约/预借图书
  • 作者相关作品
  • 分类相关作品
  • 丛书相关作品
  • 出版社相关作品

书目信息

  • 表格格式
  • 工作单格式
  • 卡片格式
题名:
古代汉语
    
 
作者: 郭锡良 编著
分册: 上册  
出版信息: 北京   北京出版社  1983.06
页数: 377页
开本: 19cm
丛书名:
单 册:
中图分类: H109.2
科图分类:
主题词: 汉语--古代
电子资源:
ISBN:
000 00542nam0 2200205 45
001 0310081525
005 20041109152117.2
010    @dCNY1.45
091    @a9071.73
100    @a20031008d1983 km y0chiy0120 ea
101 0  @achi
105    @a z 000yy
200 1  @a古代汉语@AGu Dai Han Yu@h上册@f郭锡良等编著@FGuo Xi Liang Deng Bian Zhu
210    @a北京@c北京出版社@d1983.06
215    @a377页@d19cm
606 0  @a汉语@x古代
690    @aH109.2@v3
701  0 @a郭锡良@4编著
801    @aCN@bTSTC@c20031008
905    @dH109.2@e1:1@f1@b79110
    
    古代汉语.上册/郭锡良等编著.-北京:北京出版社,1983.06
    377页;19cm
    
    
    ISBN :CNY1.45
    
●
相关链接 在E读中查询图书 在五车中查询图书 在当当中查询图书 在豆瓣中查询图书


正题名:古代汉语     索取号:H109.2/1:1         预约/预借

序号 登录号 条形码 馆藏地/架位号 状态 备注
1 0056839   000848097   第四借阅区/ [索取号:H109.2/1:1] 在馆    
2 0079110   000826752   第四借阅区/ [索取号:H109.2/1:1] 在馆    
3 0079111   000826743   第二样本阅览室/ [索取号:H109.2/1:1] 在馆    
4 0089470   001653552   第四借阅区/ [索取号:H109.2/1:1] 在馆    
5 0200033   002027176   第四借阅区/ [索取号:H109.2/1:1] 在馆    
唐山师范学院图书馆 欢迎您!
大连网信软件有限公司© 版权所有